000 00571nam a22002297a 4500
003 INP
005 20260622100333.0
008 250922b1988 enka|||f |||| 001 0 eng d
020 _a0262-52150-4
040 _aEG-INP
_beng
_cEG-INP
082 _221
_a382.7
100 _aBagwati, Jagdish
245 _aProtectionism
_cJagdysh, Bagwaiti
250 _aFifth
260 _aLondon
_bMit press
_c1989
300 _a147 p
_bpaper
_c15cm
650 _2qmark
_afree trade
_91406
650 _2qmark
_aprotection
_92679
901 _aINP
903 _acopycat
999 _c18913
_d18913